[Event "GER-ch U14 Girls"]
[Site "Willingen"]
[Date "2022.06.10"]
[Round "8"]
[White "Flierl, Veronika"]
[Black "Reich, Elisabeth"]
[Result "1/2-1/2"]
[WhiteElo "1427"]
[BlackElo "1461"]
[PlyCount "82"]
[EventDate "2022.06.04"]
[EventType "swiss"]
[EventRounds "9"]
[EventCountry "GER"]
[SourceTitle "CBM 208 Extra"]
[Source "ChessBase"]
[SourceDate "2022.07.31"]
[SourceVersion "1"]
[SourceVersionDate "2022.07.31"]
[SourceQuality "1"]

1. e4 c5 2. Nc3 Nc6 3. Nge2 e6 4. g3 Nf6 5. Bg2 d5 6. exd5 exd5 7. 0-0 Be7 8. d4 cxd4 9. Nxd4 Bb4 10. Nde2 Bxc3 11. Nxc3 Be6 12. Bg5 0-0 13. Rb1 h6 14. Bxf6 Qxf6 15. Nxd5 Bxd5 16. Qxd5 Rfd8 17. Qf3 Qg6 18. c3 Qe6 19. b3 Rd2 20. Ra1 Rad8 21. Rfe1 Qd6 22. b4 a6 23. Bf1 b5 24. Qf5 Rd5 25. Qe4 Qf6 26. Re3 Re5 27. Qf3 Rf5 28. Qe2 Nxb4 29. Re8+ Rxe8 30. Qxe8+ Kh7 31. Qe4 g6 32. Qxb4 Rxf2 33. Bg2 Rf5 34. Rd1 Qe6 35. Qb2 Qe3+ 36. Kh1 Rf2 37. Qb3 Qe2 38. a3 Kg7 39. Rg1 Rxg2 40. Rxg2 Qf1+ 41. Rg1 Qf3+ 1/2-1/2

[Event "GER-ch U12 Girls"]
[Site "Willingen"]
[Date "2021.08.26"]
[Round "5"]
[White "Zhou, Jenny"]
[Black "Flierl, Veronika"]
[Result "0-1"]
[WhiteElo "1268"]
[BlackElo "1372"]
[PlyCount "68"]
[EventDate "2021.08.22"]
[EventType "swiss"]
[EventRounds "9"]
[EventCountry "GER"]
[SourceTitle "EXT 2022"]
[Source "ChessBase"]
[SourceDate "2021.10.06"]
[SourceVersion "1"]
[SourceVersionDate "2021.10.06"]
[SourceQuality "1"]

1. e4 c6 2. d4 d5 3. e5 Bf5 4. Nf3 e6 5. Be2 c5 6. 0-0 cxd4 7. Nxd4 Bg6 8. Nd2 Nc6 9. Bb5 Qc7 10. c3 a6 11. Qa4 Nge7 12. c4 Rd8 13. Bxc6+ Nxc6 14. Rd1 Be7 15. Nxc6 Qxc6 16. Qxc6+ bxc6 17. cxd5 cxd5 18. Nb3 0-0 19. Be3 Bc2 20. Rdc1 Bxb3 21. axb3 Ra8 22. Rc7 Bb4 23. Ra4 a5 24. Bc5 Rfc8 25. Bd6 Rxc7 26. Bxc7 Rc8 27. h3 Rxc7 28. Ra1 h6 29. Rd1 Rc2 30. Rd3 Rxb2 31. f4 Re2 32. g4 Bc5+ 33. Kf1 Rf2+ 34. Ke1 Rxf4 0-1

[Event "GER-ch U12 Girls"]
[Site "Willingen"]
[Date "2020.10.28"]
[Round "2"]
[White "Mueller, Riyanna"]
[Black "Flierl, Veronika"]
[Result "1-0"]
[WhiteElo "1460"]
[BlackElo "1404"]
[PlyCount "49"]
[EventDate "2020.10.26"]
[EventType "swiss"]
[EventRounds "7"]
[EventCountry "GER"]
[SourceTitle "CBM 199 Extra"]
[Source "ChessBase"]
[SourceDate "2021.01.31"]
[SourceVersion "1"]
[SourceVersionDate "2021.01.31"]
[SourceQuality "1"]

1. e4 c6 2. d4 d5 3. Nc3 dxe4 4. Nxe4 Bf5 5. Ng3 Bg6 6. h4 h6 7. Nf3 Nd7 8. h5 Bh7 9. Bd3 Bxd3 10. Qxd3 e6 11. Be3 Ngf6 12. 0-0-0 Qc7 13. Kb1 0-0-0 14. c4 Bd6 15. Ne4 Nxe4 16. Qxe4 Nf6 17. Qc2 Kb8 18. g3 Ka8 19. Qa4 Rc8 20. c5 Be7 21. Bf4 Qd8 22. Rd3 Nd5 23. Qxa7+ Kxa7 24. Ra3+ Qa5 25. Rxa5# 1-0